Sama wa mosiqi taswf mein / (Record no. 525236)

000 -LEADER
fixed length control field 00500nam a22001817a 4500
003 - CONTROL NUMBER IDENTIFIER
control field NUST
005 - DATE AND TIME OF LATEST TRANSACTION
control field 20190628113457.0
020 ## - INTERNATIONAL STANDARD BOOK NUMBER
Terms of availability (Hbk)
038 ## - RECORD CONTENT LICENSOR
Staff Name M. Shaban
082 ## - DEWEY DECIMAL CLASSIFICATION NUMBER
Classification number 297
Author Mark SID
100 ## - MAIN ENTRY--PERSONAL NAME
Personal name Sadique, Zaheer Ahamd
9 (RLIN) 15981
245 ## - TITLE STATEMENT
Title Sama wa mosiqi taswf mein /
Statement of responsibility, etc. Zaheer Ahamd Sadique
260 ## - PUBLICATION, DISTRIBUTION, ETC.
Place of publication, distribution, etc. Lahore :
Name of publisher, distributor, etc. Ali Freed Printer,
Date of publication, distribution, etc. 2010.
300 ## - PHYSICAL DESCRIPTION
Extent 114 p. ;
880 ## - ALTERNATE GRAPHIC REPRESENTATION
Linkage ڈاکٹرظہیراحمدصدیقی
880 ## - ALTERNATE GRAPHIC REPRESENTATION
Linkage سماع و موسیقی تصوف میں /
942 ## - ADDED ENTRY ELEMENTS (KOHA)
Source of classification or shelving scheme
Koha item type Book
Holdings
Withdrawn status Lost status Source of classification or shelving scheme Damaged status Not for loan Permanent Location Current Location Shelving location Date acquired Total Checkouts Full call number Barcode Date last seen Price effective from Koha item type
          Central Library (CL) Central Library (CL) Punjabi Literature 06/28/2019   297 SID CL-E-1043 06/28/2019 06/28/2019 Book
© 2023 Central Library, National University of Sciences and Technology. All Rights Reserved.